SOIL erosion and conservation in the tropics : proceedings of a symposium

Bibliographic Details
Corporate Authors: American Society of Agronomy, Soil Science Society of America
Other Authors: Kral
Format: Book
Published: Madison, Wis. : American Society of Agronomy: : Soil Science Society of America , 1982
Series:ASA special publication ; no. 43
Subjects:

MARC

LEADER 00000cam a2200000 7i4500
001 0000002353
005 20030530.0
020 0 0 |a 0891180680 
090 0 0 |a 631.450913   |b SOI 1982 
245 0 0 |a SOIL erosion and conservation in the tropics :   |b proceedings of a symposium   |c sponsored by Divisions A-2, A-6, C-3, S-4, and S-7 of the American Society of Agronomy and the Soil Science Society of America; managing editor, David M. Kral; assistant editor, Sherri Hawkins 
260 0 0 |a Madison, Wis. :   |b American Society of Agronomy: :   |b Soil Science Society of America ,   |c 1982 
300 |a vii, 149 p. :   |b ill. ;   |c 23 cm. 
440 0 0 |a ASA special publication ; no. 43 
500 0 0 |a Includes bibliographies 
650 0 0 |a Soil conservation   |z Tropics   |x Congresses 
650 0 0 |a Soil erosion   |z Tropics   |x Congresses 
700 0 1 |a Kral   |h David M. 
710 1 1 |a American Society of Agronomy 
710 1 1 |a Soil Science Society of America 
998 |a JPSM 
999 |a 0000004213   |b Monograph   |c Open Shelf   |e Default branch